00907 a2200181 4500003000500000005001700005040000900022082001500031100002600046245004300072260003800115300001600153505038500169650001600554942001200570999001900582952012400601Nust20230125153723.0 cNust a808.83,SCO aWalpole, Hugh9107665 aThe waverley Pangeant /cHugh Walpole, aLondonbEyre & Spottiswoodec1932 axxxix 661 p aSir Walter Scott (Page-ix), The Merrie Business of Writing Immortal Novel (Page-19), The Human Comedy (Page-71), Heroes and Villains (Page-178), High Jinks (Page-248), Stories of King and Queens (Page-297), Prophets ,Priest ,and Priestesses (Page-409), Lovers (Page-465), Out in the Forty-five (Page-501), Drama (Page-537), Original (Page-573), The Old Order Changeth (Page-635).  aNovel92525 2ddccBK c191003d191003 00102ddc4070aMCSbMCScGENd2016-12-12o808.83,SCOpMCS29968r2016-12-08w2016-12-12yBKzAlmirah No.57, Shelf No.2